Standard forms of partnering contracts (Record no. 83046)

MARC details
000 -LEADER
fixed length control field 00822cab a22001935a 4500
001 - CONTROL NUMBER
control field L152637
008 - FIXED-LENGTH DATA ELEMENTS--GENERAL INFORMATION
fixed length control field 110407s2011 xxka f 000 0 eng d
035 ## - SYSTEM CONTROL NUMBER
System control number (Sirsi) u152637
041 0# - LANGUAGE CODE
Language code of text/sound track or separate title eng
110 2# - MAIN ENTRY--CORPORATE NAME
Corporate name or jurisdiction name as entry element ICES Partnering Team
245 00 - TITLE STATEMENT
Title Standard forms of partnering contracts
Remainder of title the ultimate contractual commitment? Part 2
260 ## - PUBLICATION, DISTRIBUTION, ETC.
Date of publication, distribution, etc. 2011
490 ## - SERIES STATEMENT
Series statement Civil Engineering Surveyor
Volume/sequential designation April 2011, 27-30(4)
520 ## - SUMMARY, ETC.
Summary, etc. Looks at how the different standard forms of partnering contract address the corporate and personnel commitment to partnering by way of such issues as multi-party commitment, whether the form's requirements are binding or voluntary. PPC2000, NEC3, Joint Contracts Tribunal.
590 ## - LOCAL NOTE (RLIN)
Local note KA
651 #4 - SUBJECT ADDED ENTRY--GEOGRAPHIC NAME
Geographic name United Kingdom
Chronological subdivision
690 ## - LOCAL SUBJECT ADDED ENTRY--TOPICAL TERM (OCLC, RLIN)
Topical term or geographic name as entry element BUILT ENVIRONMENT-CONSTRUCTION MANAGEMENT
942 ## - ADDED ENTRY ELEMENTS (KOHA)
Suppress in OPAC 0
Holdings
Withdrawn status Lost status Source of classification or shelving scheme Damaged status Not for loan Home library Current library Shelving location Date acquired Total Checkouts Full call number Barcode Date last seen Copy number Price effective from Koha item type
    Dewey Decimal Classification     London London Books 07/04/2011   L152637 152637-1001 06/08/2019 1 06/08/2019 Journal article